=LDR 00000nam 2200000 4500 =001 INLIS000000000023423 =005 20130612122106 =008 ***********************************Ind** =035 ##$$0010-061300000023423 =041 ##$$a Ind =082 ##$$a 92 (Zuhri Saifuddin) =090 ##$$a 92 (Zuhri Saifuddin), Zuh-g =100 ##$$a Zuhri, Saifuddin =245 ##$$a Guruku orang-orang dari pesantren, KH. Saifuddin Zuhri =260 ##$$a 2001 $b Yogyakarta =300 ##$$a xiv, 383 hlm., 18 cm =650 ##$$a Otobiografi-kiai =850 ##$$a NBPNMAT =990 ##$$a 0001/BPAP-NTB/20142015